000 00500nam a2200157Ia 4500
999 _c21207
_d21207
003 OSt
005 20200811094823.0
008 190216s9999||||xx |||||||||||||| ||und||
040 _coclc
082 _a300.72
_bBAG/R
100 _a Bagchi, Kanak Kanti
_94033
245 0 _aResearch Methodology In Social Sciences A Practical Guide /
_cKanak Kanti Bagchi
260 _bAbhijeet Publications,
_aDelhi:
_c2007.
300 _a436p
942 _cBK
_2ddc
_h300.72
_iBAG/R
_k300.72
_mBAG/R